Statistics for Worst Wrestling Gimmicks

Click here to take the quiz!

General Stats

  • This quiz has been taken 62 times
  • The average score is 8 of 15

Answer Stats

Hint Answer % Correct
A tax collectorIrwin R. Schyster
92%
A sadistic dentistDr. Isaac Yankem
77%
A team of five male cheerleadersThe Spirit Squad
77%
Eric Bischoff's "special needs" nephewEugene
73%
He "shocked the world" with his glittery stormtrooper helmetThe Shockmaster
69%
Wore a Lone Ranger mask and would take your car if you were behind on paymentsRepo Man
69%
A Voodoo priestPapa Shango
69%
Blatant rip-off of Sub-Zero from Mortal KombatGlacier
60%
A garbageman who wrestlesDuke "The Dumpster" Droese
54%
A wrestler based on the band KISSThe Demon
48%
A man in a turkey suitThe Gobbledygooker
46%
A minotaurMantaur
44%
A brightly-colored cyborg from "the future"Max Moon
25%
Spider-Man ripoff with a different color schemeArachnaman
19%
Ambassador at Large for the Beautiful Province of QuébecSylvan
6%

Score Distribution

Percentile by Number Answered

Percent of People with Each Score

Your Score History

You have not taken this quiz